00343nam a2200133Ia 4500008004100000041000800041082001400049100002000063245004500083250001400128260003100142300003100173365000500204240624s9999 xx 000 0 und d aeng a519.2 HIN aHINES WILLIAM W aPROBABILITY AND STATISTICS IN ENGINEERIN a(4th ed.) c2003aNew YorkbJohn Wiley axii, : 655 : p. : cm. ; 26 c